00464 2200193 4500001002100000005001500021008004100036020001800077035001900095041000700114082001000121090001600131100002300147245002800170260002600198300002500224500000600249650001500255INLIS00000000000002020241224112113241224||||||||| | ||| |||| || |  a602-8596-73-6 0010-1224000020 aid0 a371.3 a371.3 BUK b0 aDewi Damayanti,dkk00aBuku Pintar UN SMP 2013 aJakartabcmediac2012 axii, 316 hlm,: 26 cm a1 0apendidikan